Countries of the World A-Z - Statistics

General Stats
  • This quiz has been taken 12 times
  • The average score is 41 of 196
Answer Stats
Answer % Correct
Afghanistan
100%
Albania
89%
Australia
89%
Algeria
78%
Andorra
78%
Armenia
78%
Austria
78%
Bahamas
78%
Angola
67%
Argentina
67%
Azerbaijan
67%
Bahrain
67%
Canada
67%
China
67%
Denmark
67%
Antigua and Barbuda
56%
Bangladesh
56%
Barbados
56%
Belgium
56%
Benin
56%
Brazil
56%
Cameroon
56%
Chad
56%
Djibouti
56%
Belarus
44%
Burundi
44%
Cambodia
44%
Chile
44%
Croatia
44%
Cuba
44%
Cyprus
44%
Czech Republic
44%
Dominica
44%
Dominican Republic
44%
Egypt
44%
Ethiopia
44%
Finland
44%
France
44%
Belize
33%
Bhutan
33%
Bolivia
33%
Bosnia and Herzegovina
33%
Botswana
33%
Brunei
33%
Bulgaria
33%
Burkina Faso
33%
Comoros
33%
Democratic Republic of the Congo
33%
Ecuador
33%
El Salvador
33%
Equatorial Guinea
33%
Eritrea
33%
Estonia
33%
Federated States of Micronesia
33%
Fiji
33%
Gambia
33%
Germany
33%
Grenada
33%
Guinea
33%
Guinea-Bissau
33%
Guyana
33%
Haiti
33%
Honduras
33%
Hungary
33%
India
33%
Indonesia
33%
Italy
33%
Ivory Coast
33%
Uruguay
33%
Yemen
33%
Zimbabwe
33%
Cape Verde
22%
Central African Republic
22%
Colombia
22%
East Timor
22%
Gabon
22%
Georgia
22%
Ghana
22%
Greece
22%
Guatemala
22%
Iceland
22%
Iran
22%
Iraq
22%
Israel
22%
Jamaica
22%
Japan
22%
Jordan
22%
Kazakhstan
22%
Kenya
22%
Kiribati
22%
Kuwait
22%
Kyrgyzstan
22%
Laos
22%
United Kingdom
22%
United States
22%
Venezuela
22%
Zambia
22%
Costa Rica
11%
Eswatini
11%
Ireland
11%
Kosovo
11%
Latvia
11%
Lesotho
11%
Thailand
11%
Tuvalu
11%
Uganda
11%
Uzbekistan
11%
Vanuatu
11%
Vatican City
11%
Lebanon
0%
Liberia
0%
Libya
0%
Liechtenstein
0%
Lithuania
0%
Luxembourg
0%
Madagascar
0%
Malawi
0%
Malaysia
0%
Maldives
0%
Mali
0%
Malta
0%
Marshall Islands
0%
Mauritania
0%
Mauritius
0%
Mexico
0%
Moldova
0%
Monaco
0%
Mongolia
0%
Montenegro
0%
Morocco
0%
Mozambique
0%
Myanmar
0%
Namibia
0%
Nauru
0%
Nepal
0%
Netherlands
0%
New Zealand
0%
Nicaragua
0%
Niger
0%
Nigeria
0%
North Korea
0%
North Macedonia
0%
Norway
0%
Oman
0%
Pakistan
0%
Palau
0%
Panama
0%
Papua New Guinea
0%
Paraguay
0%
Peru
0%
Philippines
0%
Poland
0%
Portugal
0%
Qatar
0%
Republic of the Congo
0%
Romania
0%
Russia
0%
Rwanda
0%
Saint Kitts and Nevis
0%
Saint Lucia
0%
Saint Vincent and the Grenadines
0%
Samoa
0%
San Marino
0%
São Tomé and Príncipe
0%
Saudi Arabia
0%
Senegal
0%
Serbia
0%
Seychelles
0%
Sierra Leone
0%
Singapore
0%
Slovakia
0%
Slovenia
0%
Solomon Islands
0%
Somalia
0%
South Africa
0%
South Korea
0%
South Sudan
0%
Spain
0%
Sri Lanka
0%
Sudan
0%
Suriname
0%
Sweden
0%
Switzerland
0%
Syria
0%
Taiwan
0%
Tajikistan
0%
Tanzania
0%
Togo
0%
Tonga
0%
Trinidad and Tobago
0%
Tunisia
0%
Turkey
0%
Turkmenistan
0%
Ukraine
0%
United Arab Emirates
0%
Venezuela
0%
No matching quizzes found
Score Distribution
Percent of People with Each Score
Percentile by Number Answered
Your Score History
You have not taken this quiz